000 00209nam a2200097Ia 4500
008 190216s9999||||xx |||||||||||||| ||und||
100 _aMartin G C
245 0 _aGreet Expectation
260 _bNull
942 _cBK
999 _c12573
_d12573